[Event "Titled Tuesday intern op 16th Jan Late"]
[Site "Chess.com INT"]
[Date "2024.01.16"]
[Round "2"]
[White "Van Foreest, Machteld"]
[Black "Torres Hernandez, Leslie Carolin"]
[Result "1-0"]
[WhiteElo "2363"]
[BlackElo "1831"]
[PlyCount "77"]
[EventDate "2024.01.16"]
[EventType "swiss (blitz)"]
[EventRounds "11"]
[EventCountry "USA"]
[SourceTitle "CB04_2024"]
[SourceDate "2023.10.16"]
[SourceVersion "1"]
[SourceVersionDate "2023.10.16"]
[SourceQuality "1"]

1. e4 c5 2. Nf3 d6 3. d4 cxd4 4. Nxd4 Nf6 5. Nc3 a6 6. Bg5 e6 7. f4 Be7 8. Qf3 Qc7 9. 0-0-0 Bd7 10. Bd3 Nc6 11. Nxc6 Bxc6 12. Rhe1 h6 13. Bxf6 Bxf6 14. Nd5 exd5 15. exd5+ Kf8 16. dxc6 bxc6 17. Bc4 g6 18. f5 g5 19. Qa3 Rd8 20. Qxa6 Kg7 21. Qa3 d5 22. Bb3 Qxh2 23. Qc5 Qf4+ 24. Kb1 Rhe8 25. Rxe8 Rxe8 26. a3 Qe5 27. c3 Rb8 28. Ka2 Qe2 29. Rb1 Qd2 30. Qxc6 d4 31. Qd5 Rf8 32. Rd1 Qf4 33. cxd4 Qc7 34. Rd3 Rd8 35. Qe4 Qa7 36. d5 Qd7 37. d6 Qxd6 38. Rxd6 Rxd6 39. Qc4 1-0

[Event "Titled Tuesday intern op 25th Jul Early"]
[Site "Chess.com INT"]
[Date "2023.07.25"]
[Round "9"]
[White "Torres Hernandez, Leslie Carolin"]
[Black "Bold, Andre"]
[Result "0-1"]
[WhiteElo "1861"]
[BlackElo "2194"]
[PlyCount "132"]
[EventDate "2023.07.25"]
[EventType "swiss (blitz)"]
[EventRounds "11"]
[EventCountry "USA"]
[SourceTitle "EXT 2024"]
[Source "ChessBase"]
[SourceDate "2023.10.10"]
[SourceVersion "1"]
[SourceVersionDate "2023.10.10"]
[SourceQuality "1"]

1. e4 c6 2. d4 d5 3. exd5 cxd5 4. Nf3 Nf6 5. Ne5 a6 6. Bd3 g6 7. 0-0 Bg7 8. Re1 0-0 9. c3 Nc6 10. Nd2 Nxe5 11. dxe5 Nd7 12. Nf3 Nc5 13. Bc2 Bf5 14. Bxf5 gxf5 15. Qd4 Ne4 16. c4 dxc4 17. Qxc4 e6 18. Bf4 Rc8 19. Qb3 b5 20. Red1 Qb6 21. Be3 Qb8 22. a4 bxa4 23. Qxa4 Qxb2 24. Qxa6 Nc3 25. Rd2 Qb5 26. Qxb5 Nxb5 27. Bg5 Nc3 28. h4 Nd5 29. Ra7 Ra8 30. Rda2 Rxa7 31. Rxa7 h6 32. Bd2 Rc8 33. Kf1 Rc7 34. Ra8+ Kh7 35. Ke2 Kg6 36. g3 Rc4 37. Rg8 Kh7 38. Ra8 Re4+ 39. Kd3 Bxe5 40. Ra7 Kg6 41. h5+ Kg7 42. Ra6 Bf6 43. Ra7 Rg4 44. Nh2 Rd4+ 45. Ke2 Rc4 46. Nf3 Nc3+ 47. Kd3 Rc6 48. Bxc3 Rxc3+ 49. Ke2 Rc2+ 50. Kd3 Rc8 51. Ke2 Rd8 52. Ng1 Re8 53. Nf3 Re7 54. Ra6 Rc7 55. Ne1 Rb7 56. Nd3 Bd4 57. Nf4 Be5 58. Nd3 Bb8 59. Rc6 Rd7 60. Rc8 Bd6 61. Rc6 Be7 62. Rc8 Rd8 63. Rc7 Bf6 64. Nf4 Re8 65. Kf3 Be5 66. Nd3 Bxc7 0-1

[Event "Titled Tuesday intern op 25th Jul Early"]
[Site "Chess.com INT"]
[Date "2023.07.25"]
[Round "5"]
[White "Torres Hernandez, Leslie Carolin"]
[Black "Turzo, Attila"]
[Result "0-1"]
[WhiteElo "1861"]
[BlackElo "2279"]
[PlyCount "92"]
[EventDate "2023.07.25"]
[EventType "swiss (blitz)"]
[EventRounds "11"]
[EventCountry "USA"]
[SourceTitle "EXT 2024"]
[Source "ChessBase"]
[SourceDate "2023.10.10"]
[SourceVersion "1"]
[SourceVersionDate "2023.10.10"]
[SourceQuality "1"]

1. e4 d6 2. d4 Nf6 3. Nc3 g6 4. Be3 c6 5. f3 b5 6. Qd2 Nbd7 7. Bh6 Bxh6 8. Qxh6 b4 9. Nd1 c5 10. d5 e6 11. dxe6 fxe6 12. Ne3 Bb7 13. Nc4 Qc7 14. Nh3 d5 15. exd5 exd5 16. 0-0-0 dxc4 17. Re1+ Kd8 18. Bxc4 Nb6 19. Ng5 Qf4+ 20. Kb1 Qxc4 21. Qg7 Nbd7 22. Ne6+ Qxe6 23. Rxe6 Rg8 24. Qh6 Bd5 25. Ree1 Kc7 26. Rd1 Bc6 27. Qf4+ Kb7 28. Rhe1 Rae8 29. g4 Nd5 30. Qd6 N5b6 31. f4 Nc4 32. Qd3 Ncb6 33. b3 Rgf8 34. f5 gxf5 35. gxf5 Nf6 36. Rxe8 Rxe8 37. Qd6 Nbd7 38. a4 a5 39. Qd2 Re4 40. Re1 Rxe1+ 41. Qxe1 Be4 42. Qf2 Kc6 43. Qf4 Kd5 44. Kc1 Ne5 45. Kd2 h5 46. Qg5 Nf3+ 0-1

[Event "Titled Tuesday intern op 18th Jul Early"]
[Site "Chess.com INT"]
[Date "2023.07.18"]
[Round "10"]
[White "Rodriguez Santiago, Jaime"]
[Black "Torres Hernandez, Leslie Carolin"]
[Result "1-0"]
[WhiteElo "2020"]
[BlackElo "1861"]
[PlyCount "38"]
[EventDate "2023.07.18"]
[EventType "swiss (blitz)"]
[EventRounds "11"]
[EventCountry "USA"]
[SourceTitle "EXT 2024"]
[Source "ChessBase"]
[SourceDate "2023.10.10"]
[SourceVersion "1"]
[SourceVersionDate "2023.10.10"]
[SourceQuality "1"]

1. c4 e5 2. Nc3 Nc6 3. g3 f5 4. Bg2 Nf6 5. d3 Bc5 6. e3 d6 7. Nge2 0-0 8. 0-0 Qe8 9. d4 Bb6 10. dxe5 Nxe5 11. b3 Be6 12. Nf4 Bf7 13. Bxb7 Rb8 14. Bg2 Rd8 15. Bb2 c6 16. Qc2 d5 17. cxd5 cxd5 18. Rad1 Ne4 19. Ncxd5 g5 1-0

[Event "Titled Tuesday intern op 18th Jul Early"]
[Site "Chess.com INT"]
[Date "2023.07.18"]
[Round "9"]
[White "Torres Hernandez, Leslie Carolin"]
[Black "Stork, Oliver"]
[Result "1-0"]
[WhiteElo "1861"]
[BlackElo "2327"]
[PlyCount "49"]
[EventDate "2023.07.18"]
[EventType "swiss (blitz)"]
[EventRounds "11"]
[EventCountry "USA"]
[SourceTitle "EXT 2024"]
[Source "ChessBase"]
[SourceDate "2023.10.10"]
[SourceVersion "1"]
[SourceVersionDate "2023.10.10"]
[SourceQuality "1"]

1. e4 c5 2. Nf3 d6 3. Bb5+ Bd7 4. Bxd7+ Qxd7 5. 0-0 Nc6 6. c3 d5 7. e5 e6 8. d4 Rc8 9. Re1 cxd4 10. cxd4 Nge7 11. Nc3 Nf5 12. a3 Be7 13. Qd3 0-0 14. b4 a6 15. Bb2 f6 16. exf6 Bxf6 17. Na4 Ncxd4 18. Nxd4 Bxd4 19. Bxd4 Nxd4 20. Nb6 Qb5 21. Qxd4 Rc2 22. f3 Qe8 23. Nxd5 Qg6 24. Ne3 Rb2 25. Qxb2 1-0

[Event "Titled Tuesday intern op 13th Jun Early"]
[Site "Chess.com INT"]
[Date "2023.06.13"]
[Round "8"]
[White "Torres Hernandez, Leslie Carolin"]
[Black "Nagare, Kaivalya Sandip"]
[Result "0-1"]
[WhiteElo "1861"]
[BlackElo "2085"]
[PlyCount "50"]
[EventDate "2023.06.13"]
[EventType "swiss (blitz)"]
[EventRounds "11"]
[EventCountry "USA"]
[SourceTitle "EXT 2024"]
[Source "ChessBase"]
[SourceDate "2023.10.10"]
[SourceVersion "1"]
[SourceVersionDate "2023.10.10"]
[SourceQuality "1"]

1. e4 c5 2. Nf3 d6 3. Bb5+ Nd7 4. a4 Ngf6 5. Nc3 e5 6. 0-0 Be7 7. d3 0-0 8. Nd2 a6 9. Bc4 Nb6 10. Bb3 Be6 11. a5 Nbd7 12. Bxe6 fxe6 13. Re1 Qe8 14. Nc4 Qg6 15. Qf3 Ng4 16. Qg3 Qh5 17. h3 Nxf2 18. Be3 Bh4 19. Qh2 Qg6 20. g4 h5 21. Qg2 hxg4 22. hxg4 Nxg4 23. Nxd6 Bxe1 24. Rxe1 Qh5 25. Nxb7 Rf6 0-1

[Event "Titled Tuesday intern op 18th Apr Early"]
[Site "Chess.com INT"]
[Date "2023.04.18"]
[Round "5"]
[White "Novikov, Evgenij"]
[Black "Torres Hernandez, Leslie Carolin"]
[Result "0-1"]
[WhiteElo "2276"]
[BlackElo "1861"]
[PlyCount "112"]
[EventDate "2023.04.18"]
[EventType "swiss (blitz)"]
[EventRounds "11"]
[EventCountry "USA"]
[SourceTitle "EXT 2024"]
[Source "ChessBase"]
[SourceDate "2023.10.10"]
[SourceVersion "1"]
[SourceVersionDate "2023.10.10"]
[SourceQuality "1"]

1. d4 Nf6 2. Nf3 g6 3. c4 Bg7 4. Nc3 d5 5. cxd5 Nxd5 6. e4 Nxc3 7. bxc3 c5 8. Bb5+ Bd7 9. Bxd7+ Nxd7 10. 0-0 0-0 11. Rb1 b6 12. Bb2 Qc7 13. Qe2 Rfd8 14. h4 Rac8 15. Rfd1 cxd4 16. cxd4 Qc2 17. Qe3 Nf6 18. e5 Nd5 19. Qg5 h6 20. Qg4 e6 21. h5 g5 22. Ba3 Nc3 23. Rdc1 Ne2+ 24. Kh2 Nxc1 25. Rxc1 Qf5 26. Rxc8 Rxc8 27. Qxf5 exf5 28. Bd6 Rd8 29. Kg3 Bf8 30. Bc7 Rd7 31. Bb8 Kg7 32. Kh2 Bb4 33. Kg1 Bc3 34. Kf1 Bxd4 35. Nxd4 Rxd4 36. e6 Re4 37. exf7 Kxf7 38. Bxa7 b5 39. Bc5 Ra4 40. a3 Rh4 41. Ke2 Rxh5 42. g3 Rh2 43. Kd3 Ke6 44. Kc3 h5 45. Kb4 h4 46. gxh4 gxh4 47. Kxb5 Rh1 48. Ba7 h3 49. Ka6 h2 50. Bb8 Kd5 51. a4 Kc6 52. a5 Kd5 53. Bg3 Ke4 54. Ka7 f4 55. Bxh2 Rxh2 56. a6 Rh6 0-1

[Event "Titled Tuesday intern op 18th Apr Late"]
[Site "Chess.com INT"]
[Date "2023.04.18"]
[Round "6"]
[White "Santos Flores, Alberto Javier"]
[Black "Torres Hernandez, Leslie Carolin"]
[Result "1-0"]
[WhiteElo "2164"]
[BlackElo "1861"]
[PlyCount "85"]
[EventDate "2023.04.18"]
[EventType "swiss (blitz)"]
[EventRounds "11"]
[EventCountry "USA"]
[SourceTitle "EXT 2024"]
[Source "ChessBase"]
[SourceDate "2023.10.10"]
[SourceVersion "1"]
[SourceVersionDate "2023.10.10"]
[SourceQuality "1"]

1. d4 Nf6 2. Bf4 d5 3. Nc3 c6 4. e3 g6 5. Bd3 Bg7 6. h3 0-0 7. Nf3 c5 8. dxc5 Nbd7 9. e4 Nxc5 10. exd5 Nxd5 11. Nxd5 Qxd5 12. 0-0 Nxd3 13. Qxd3 Qxd3 14. cxd3 Bf5 15. Ne5 f6 16. Nf3 Bxd3 17. Rfd1 Bb5 18. Nd4 Bc4 19. Rac1 Bxa2 20. Be3 e5 21. Nb5 a6 22. Nd6 b5 23. Rc7 Rfd8 24. Bc5 Be6 25. Ra1 Bf8 26. Ne4 Bg7 27. Be7 Rd7 28. Rxd7 Bxd7 29. Nxf6+ Kf7 30. Nxd7 Kxe7 31. Nc5 a5 32. Ne4 h6 33. Rc1 Ra7 34. Kf1 b4 35. b3 Kd7 36. Ke2 Ke6 37. g3 Kf5 38. Ke3 a4 39. bxa4 Rxa4 40. g4+ Ke6 41. Nc5+ Kd5 42. Nxa4 h5 43. Rb1 1-0

[Event "Titled Tuesday intern op 11th Apr Early"]
[Site "Chess.com INT"]
[Date "2023.04.11"]
[Round "7"]
[White "Sanchez, Roberto Daniel"]
[Black "Torres Hernandez, Leslie Carolin"]
[Result "0-1"]
[WhiteElo "1966"]
[BlackElo "1861"]
[PlyCount "71"]
[EventDate "2023.04.11"]
[EventType "swiss (blitz)"]
[EventRounds "11"]
[EventCountry "USA"]
[SourceTitle "CBM 213 Extra"]
[Source "ChessBase"]
[SourceDate "2023.05.31"]
[SourceVersion "1"]
[SourceVersionDate "2023.05.31"]
[SourceQuality "1"]

1. e4 c5 2. Nf3 d6 3. d4 cxd4 4. Nxd4 Nf6 5. Nc3 a6 6. Be3 e5 7. Nb3 Be7 8. f3 0-0 9. Qd2 Be6 10. 0-0-0 Nbd7 11. g4 b5 12. g5 b4 13. Ne2 Nh5 14. f4 exf4 15. Nxf4 Nxf4 16. Bxf4 Ne5 17. Be2 a5 18. Nd4 Bxa2 19. Nf5 Rc8 20. Nxe7+ Qxe7 21. Qxd6 Qxd6 22. Rxd6 Nc4 23. Ra6 Rc5 24. Bxc4 Bxc4 25. Bd6 Bxa6 26. Bxc5 Rc8 27. Rd1 h6 28. Bb6 a4 29. h4 Rc4 30. Rd4 Rc6 31. Rxb4 Bd3 32. c3 a3 33. bxa3 Rxc3+ 34. Kd2 Rxa3 35. Bc5 Ba6 36. Rb8+ 0-1

[Event "Titled Tuesday intern op 11th Apr Late"]
[Site "Chess.com INT"]
[Date "2023.04.11"]
[Round "6"]
[White "Smith, Garrett L"]
[Black "Torres Hernandez, Leslie Carolin"]
[Result "1-0"]
[WhiteElo "2047"]
[BlackElo "1861"]
[PlyCount "77"]
[EventDate "2023.04.11"]
[EventType "swiss (blitz)"]
[EventRounds "11"]
[EventCountry "USA"]
[SourceTitle "CBM 213 Extra"]
[Source "ChessBase"]
[SourceDate "2023.05.31"]
[SourceVersion "1"]
[SourceVersionDate "2023.05.31"]
[SourceQuality "1"]

1. e4 e6 2. d4 d5 3. Nc3 Bb4 4. exd5 exd5 5. Bd3 Ne7 6. Qh5 Nd7 7. Nge2 Nf6 8. Qf3 Bg4 9. Qg3 Bxe2 10. Bxe2 0-0 11. 0-0 Nf5 12. Qd3 g6 13. Bg5 Be7 14. Bf3 c6 15. Rfe1 Re8 16. h3 Kg7 17. Rad1 h6 18. Bf4 Bd6 19. Bd2 Qc7 20. Bc1 Qb6 21. Kf1 Rxe1+ 22. Kxe1 Re8+ 23. Kf1 Bb4 24. Na4 Qa5 25. Qb3 b5 26. Nc3 Bxc3 27. bxc3 Nd6 28. Bf4 Nde4 29. Rd3 g5 30. Be5 Kg6 31. g4 Qa4 32. Qxa4 bxa4 33. c4 Re7 34. cxd5 cxd5 35. Ra3 Rb7 36. Rxa4 Rb1+ 37. Kg2 Rc1 38. Ra6 Kg7 39. Bxe4 1-0

[Event "Titled Tuesday intern op 11th Apr Late"]
[Site "Chess.com INT"]
[Date "2023.04.11"]
[Round "7"]
[White "Torres Hernandez, Leslie Carolin"]
[Black "Gabr, Mohsen"]
[Result "0-1"]
[WhiteElo "1861"]
[BlackElo "2200"]
[PlyCount "38"]
[EventDate "2023.04.11"]
[EventType "swiss (blitz)"]
[EventRounds "11"]
[EventCountry "USA"]
[SourceTitle "CBM 213 Extra"]
[Source "ChessBase"]
[SourceDate "2023.05.31"]
[SourceVersion "1"]
[SourceVersionDate "2023.05.31"]
[SourceQuality "1"]

1. e4 f6 2. d4 g6 3. Nf3 e6 4. h4 Nh6 5. h5 g5 6. e5 g4 7. Nfd2 f5 8. c4 d6 9. f4 Be7 10. g3 Nf7 11. h6 dxe5 12. dxe5 Nc6 13. Nc3 b6 14. Bg2 Bb7 15. Qa4 Qd7 16. Nd5 exd5 17. cxd5 Ncxe5 18. Qd4 Bc5 19. Qc3 Bb4 0-1

[Event "Titled Tuesday intern op 11th Apr Early"]
[Site "Chess.com INT"]
[Date "2023.04.11"]
[Round "9"]
[White "Torres Hernandez, Leslie Carolin"]
[Black "Golubev, Mikhail"]
[Result "0-1"]
[WhiteElo "1861"]
[BlackElo "2461"]
[PlyCount "60"]
[EventDate "2023.04.11"]
[EventType "swiss (blitz)"]
[EventRounds "11"]
[EventCountry "USA"]
[SourceTitle "CBM 213 Extra"]
[Source "ChessBase"]
[SourceDate "2023.05.31"]
[SourceVersion "1"]
[SourceVersionDate "2023.05.31"]
[SourceQuality "1"]

1. e4 g6 2. d4 Bg7 3. Nc3 d6 4. Be3 c6 5. h3 Nd7 6. Nf3 b5 7. a4 b4 8. Ne2 Ngf6 9. Ng3 0-0 10. Bd3 c5 11. dxc5 Nxc5 12. 0-0 Bb7 13. e5 Nd5 14. Bxc5 dxc5 15. e6 f5 16. Ra2 Nf4 17. Re1 Qd5 18. b3 Nxd3 19. cxd3 Rad8 20. Qc1 Qxb3 21. Rc2 Bxf3 22. gxf3 Rxd3 23. Rxc5 Rxf3 24. Kg2 Bd4 25. Rc2 Bxf2 26. Rxf2 Rxg3+ 27. Kf1 Rxh3 28. Qc7 Rh1+ 29. Ke2 Qxe6+ 30. Kf3 Rxe1 0-1

[Event "Titled Tuesday intern op 11th Apr Late"]
[Site "Chess.com INT"]
[Date "2023.04.11"]
[Round "1"]
[White "Torres Hernandez, Leslie Carolin"]
[Black "Janaszak, Dawid"]
[Result "0-1"]
[WhiteElo "1861"]
[BlackElo "2316"]
[PlyCount "44"]
[EventDate "2023.04.11"]
[EventType "swiss (blitz)"]
[EventRounds "11"]
[EventCountry "USA"]
[SourceTitle "CBM 213 Extra"]
[Source "ChessBase"]
[SourceDate "2023.05.31"]
[SourceVersion "1"]
[SourceVersionDate "2023.05.31"]
[SourceQuality "1"]

1. e4 c5 2. Nf3 Nc6 3. Bb5 e5 4. 0-0 Nge7 5. c3 g6 6. d4 cxd4 7. cxd4 exd4 8. Nxd4 Bg7 9. Be3 0-0 10. Nc3 d5 11. exd5 Nxd5 12. Nxc6 bxc6 13. Nxd5 cxb5 14. Bc5 Re8 15. Ne7+ Kh8 16. Qxd8 Rxd8 17. Rad1 Be6 18. b3 a5 19. Nc6 Rdc8 20. Rd6 Bf8 21. Rxe6 Bxc5 22. Rf6 Kg7 0-1

[Event "Titled Tuesday intern op 04th Apr Early"]
[Site "Chess.com INT"]
[Date "2023.04.04"]
[Round "4"]
[White "Deveci, Huseyin Said"]
[Black "Torres Hernandez, Leslie Carolin"]
[Result "1-0"]
[WhiteElo "1965"]
[BlackElo "1861"]
[PlyCount "77"]
[EventDate "2023.04.04"]
[EventType "swiss (blitz)"]
[EventRounds "11"]
[EventCountry "USA"]
[SourceTitle "EXT 2024"]
[Source "ChessBase"]
[SourceDate "2023.10.10"]
[SourceVersion "1"]
[SourceVersionDate "2023.10.10"]
[SourceQuality "1"]

1. e4 c5 2. Nf3 d6 3. d4 cxd4 4. Nxd4 Nf6 5. Nc3 a6 6. Be2 e5 7. Nf3 Be7 8. 0-0 0-0 9. h3 h6 10. a4 Be6 11. Be3 Qc7 12. a5 Nbd7 13. Qd2 Rac8 14. Bd3 Nc5 15. Bxc5 dxc5 16. Qe1 c4 17. Be2 Bb4 18. Ra4 Bxa5 19. Nd2 b5 20. Ra1 Bxc3 21. bxc3 Qc6 22. Bf3 Rfd8 23. Qe3 Ra8 24. Rfd1 Nd7 25. Bg4 Nc5 26. Bxe6 Nxe6 27. g3 Nc5 28. f4 exf4 29. gxf4 Re8 30. e5 Na4 31. Nf3 Qg6+ 32. Kh1 Qxc2 33. Rac1 Qb2 34. Rg1 Rad8 35. f5 Kh7 36. f6 g6 37. Rg4 Rd3 38. Qxh6+ Kxh6 39. Rh4# 1-0

[Event "Titled Tuesday intern op 04th Apr Early"]
[Site "Chess.com INT"]
[Date "2023.04.04"]
[Round "6"]
[White "Okike, David"]
[Black "Torres Hernandez, Leslie Carolin"]
[Result "1-0"]
[WhiteElo "2157"]
[BlackElo "1861"]
[PlyCount "65"]
[EventDate "2023.04.04"]
[EventType "swiss (blitz)"]
[EventRounds "11"]
[EventCountry "USA"]
[SourceTitle "EXT 2024"]
[Source "ChessBase"]
[SourceDate "2023.10.10"]
[SourceVersion "1"]
[SourceVersionDate "2023.10.10"]
[SourceQuality "1"]

1. e4 c5 2. Nf3 d6 3. d4 cxd4 4. Nxd4 Nf6 5. Nc3 a6 6. Bg5 e6 7. f4 Be7 8. Qf3 Qc7 9. 0-0-0 Nbd7 10. g4 b5 11. a3 Bb7 12. Bd3 h6 13. Bxf6 Bxf6 14. Nde2 g5 15. h4 0-0-0 16. Kb1 Kb8 17. fxg5 hxg5 18. h5 Rh6 19. Rhf1 Ne5 20. Qg2 Nc4 21. Bxc4 Qxc4 22. Rd3 b4 23. axb4 Qxb4 24. Qg3 Bxe4 25. Rxf6 Rxf6 26. Nxe4 Rf1+ 27. Ka2 Qxe4 28. Rb3+ Ka8 29. Nc3 Qc4 30. Qg2+ d5 31. Ka3 Rf4 32. Qg1 Qc5+ 33. Qxc5 1-0

[Event "Titled Tuesday intern op 04th Apr Early"]
[Site "Chess.com INT"]
[Date "2023.04.04"]
[Round "8"]
[White "Skaric, Djuro"]
[Black "Torres Hernandez, Leslie Carolin"]
[Result "1-0"]
[WhiteElo "2334"]
[BlackElo "1861"]
[PlyCount "51"]
[EventDate "2023.04.04"]
[EventType "swiss (blitz)"]
[EventRounds "11"]
[EventCountry "USA"]
[SourceTitle "EXT 2024"]
[Source "ChessBase"]
[SourceDate "2023.10.10"]
[SourceVersion "1"]
[SourceVersionDate "2023.10.10"]
[SourceQuality "1"]

1. g3 Nf6 2. Bg2 e6 3. d3 d5 4. Nf3 Be7 5. 0-0 0-0 6. Nc3 c5 7. e4 d4 8. Ne2 Nc6 9. h3 e5 10. Ne1 Nd7 11. f4 f6 12. f5 b5 13. Rf2 c4 14. Bf1 cxd3 15. cxd3 Nc5 16. g4 b4 17. h4 a5 18. Rg2 Kh8 19. Ng3 a4 20. Nh1 b3 21. a3 Ba6 22. Nf2 Rc8 23. Nh3 Qb6 24. g5 Qb5 25. g6 Nxe4 26. Qh5 1-0

[Event "Titled Tuesday intern op 04th Apr Early"]
[Site "Chess.com INT"]
[Date "2023.04.04"]
[Round "9"]
[White "Torres Hernandez, Leslie Carolin"]
[Black "Carrasco Miranda, Andres"]
[Result "1/2-1/2"]
[WhiteElo "1861"]
[BlackElo "2281"]
[PlyCount "114"]
[EventDate "2023.04.04"]
[EventType "swiss (blitz)"]
[EventRounds "11"]
[EventCountry "USA"]
[SourceTitle "EXT 2024"]
[Source "ChessBase"]
[SourceDate "2023.10.10"]
[SourceVersion "1"]
[SourceVersionDate "2023.10.10"]
[SourceQuality "1"]

1. e4 c5 2. Nf3 d6 3. Bb5+ Nd7 4. a4 Ngf6 5. Nc3 g6 6. 0-0 Bg7 7. a5 a6 8. Be2 0-0 9. d4 cxd4 10. Qxd4 Qc7 11. Qb4 Nc5 12. Nd2 Bg4 13. f3 Be6 14. Nc4 Bxc4 15. Qxc4 Rac8 16. Be3 Ne6 17. Qxc7 Rxc7 18. Ra3 Rfc8 19. Rb3 Kf8 20. Ra1 Nd7 21. Bd1 Bd4 22. Nd5 Bxe3+ 23. Rxe3 Rc6 24. c3 Nf6 25. Nxf6 exf6 26. Kf2 Ke7 27. g3 h5 28. Bb3 Nc5 29. Bd5 R6c7 30. h4 Ne6 31. Ree1 g5 32. Rh1 Rg8 33. hxg5 fxg5 34. Rxh5 Rg7 35. Rah1 Nc5 36. Ke3 Na4 37. Rh7 Kf6 38. R1h6+ Rg6 39. Rxg6+ Kxg6 40. Rh8 Nxb2 41. Kd4 Nd1 42. c4 Nb2 43. Rb8 Na4 44. Rxb7 Rxb7 45. Bxb7 Nc5 46. Bc6 Kf6 47. Kd5 Ke7 48. f4 Nb3 49. Bb7 Nxa5 50. Bxa6 gxf4 51. gxf4 Nb3 52. Bb5 Nd2 53. e5 dxe5 54. fxe5 Nb3 55. c5 f6 56. exf6+ Kxf6 57. Kd6 Nxc5 1/2-1/2

[Event "Titled Tuesday intern op 7th Mar Early"]
[Site "Chess.com INT"]
[Date "2023.03.07"]
[Round "5"]
[White "Tharushi, THD Niklesha"]
[Black "Torres Hernandez, Leslie Carolin"]
[Result "0-1"]
[WhiteElo "1570"]
[BlackElo "1884"]
[PlyCount "66"]
[EventDate "2023.03.07"]
[EventType "swiss (blitz)"]
[EventRounds "11"]
[EventCountry "USA"]
[SourceTitle "EXT 2024"]
[Source "ChessBase"]
[SourceDate "2023.10.10"]
[SourceVersion "1"]
[SourceVersionDate "2023.10.10"]
[SourceQuality "1"]

1. d4 Nf6 2. c4 e6 3. Nc3 Bb4 4. Qc2 b6 5. g3 Bb7 6. Nf3 c5 7. a3 cxd4 8. axb4 dxc3 9. bxc3 Qc7 10. Qb3 0-0 11. Bf4 d6 12. Bg2 e5 13. Bg5 Nbd7 14. 0-0 Rfc8 15. Rfd1 Ne4 16. Be7 Re8 17. Bh4 h6 18. g4 g5 19. Bg3 Nxg3 20. fxg3 Nf6 21. Bh3 h5 22. Nxg5 hxg4 23. Bg2 Bxg2 24. Kxg2 Qc6+ 25. Kg1 Kg7 26. h4 gxh3 27. Nxh3 Rh8 28. Nf2 Ne4 29. Nxe4 Qxe4 30. Qb1 Rh1+ 31. Kf2 Rh2+ 32. Kf1 Qxe2+ 33. Kg1 Qg2# 0-1